000 00503nam a2200181 i 4500
001 75388
003 ES-MaACL
005 20250821070145.0
007 t|
008 040924s1960 sp |||| |bspa d
100 1 _aGrases, Pedro.
_959688
245 1 0 _aDomingo Navas SpĂ­nola, impresor, editor y autor /
_cPedro Grases.
260 _aMadrid :
_b[Maestre,
_c1960]
300 _a155 p. ;
_c27 cm.
600 1 4 _aNavas Spinola, Domingo
_9170787
852 _aES-MaACL
_jF-14052
999 _c75388
_d75388